| 000 | 00563nam a2200157 i 4500 | ||
|---|---|---|---|
| 001 | 46438 | ||
| 003 | ES-MaACL | ||
| 007 | t| | ||
| 008 | 030328s1876 cl ||||1| spa d | ||
| 111 | 2 |
_aCongreso Libre de Agricultores de la República de Chile _n(1º. _d1875. _cRepública de Chile) _9493 |
|
| 245 | 1 | 0 | _aPrimer Congreso libre de agricultores de la República de Chile en 1875. |
| 260 |
_aSantiago de Chile : _b[s.n.], _c1876 ( _fImp. de la República de Jacinto Nuñez) |
||
| 300 |
_a435 p. ; _c26 cm. |
||
| 852 |
_aES-MaACL _jG-10804 |
||
| 999 |
_c46438 _d46438 |
||